000
00337nam a2200145Ia 4500
008
150201s2005 xx 000 0 und d
082
_a
615
_b
P05L
100
_a
LIEBERMAN,HA
245
_a
PHARMACEUTICAL DOSAGE FORMS-3
250
_a
2ND
260
_b
DECKER
_a
LONDON
_c
2005
300
_a
1-558
650
_a
PHARMACOLOGY
942
_2
ddc
_c
BK
999
_c
388
_d
388